00450nam a2200181Ia 4500008004100000100002000041245005400061260001100115300002100126440001300147521000800160650002400168650001500192650000900207650002300216650001700239650001200256140626s9999 xx 000 0 und d aChua, Johannes. a10 tips ready, get set, summer! /cJohannes Chua. cc2012. a13 : 10, page 68 aCruising aTOU a10 tips for summer. aAdventure. aFun. aPhilippine summer. aPreparation. aTravel.